Visualizzazione normale
Vista MARC
- società
di Topical Term
Records bibliografici associati: 1
001 - CONTROL NUMBER
- control field: 60090
003 - CONTROL NUMBER IDENTIFIER
- control field:
005 - DATE AND TIME OF LATEST TRANSACTION
- control field: 20230519122302.0
008 - FIXED-LENGTH DATA ELEMENTS
- fixed length control field: 230519|| aca||aabn | a|a d
040 ## - CATALOGING SOURCE
- Original cataloging agency:
- Transcribing agency:
150 ## - HEADING--TOPICAL TERM
- Topical term or geographic name entry element: società
670 ## - SOURCE DATA FOUND
- Source citation: Work cat.: ()359732: Pellizzari Tommaso 60089, Trenta senza lode., 1999